Statistiques concernant Les meilleurs buteurs de Ligue 1 par saison

Cliquez ici pour prendre le quiz!

Statistiques générales

  • Ce quiz a été pris 85 fois
  • Le résultat moyen est 24 sur 57

Statistiques - réponses

SaisonNationalitéVainqueurÉquipeNombres de but% Correct
2016/17UruguayEdinson CavaniParis Saint-Germain35
100%
2017/18UruguayEdinson CavaniParis Saint-Germain28
100%
2022/23FranceKylian MbappéParis Saint-Germain29
100%
2020/21FranceKylian MbappéParis Saint-Germain27
100%
2019/20FranceKylian MbappéParis Saint-Germain18
100%
2018/19FranceKylian MbappéParis Saint-Germain33
100%
2021/22FranceKylian MbappéParis Saint-Germain28
100%
2014/15FranceAlexandre LacazetteOlympique Lyonnais27
99%
2015/16SuèdeZlatan IbrahimovićParis Saint-Germain38
99%
2013/14SuèdeZlatan IbrahimovićParis Saint-Germain26
99%
2012/13SuèdeZlatan IbrahimovićParis Saint-Germain30
99%
2011/12FranceOlivier GiroudMontpellier HSC21
84%
2006/07PortugalPedro Miguel PauletaParis Saint-Germain15
70%
2005/06PortugalPedro Miguel PauletaParis Saint-Germain21
70%
2007/08FranceKarim BenzemaOlympique Lyonnais20
60%
2001/02FranceDjibril CisséAJ Auxerre22
55%
2003/04FranceDjibril CisséAJ Auxerre26
55%
2009/10SénégalMamadou NiangOlympique de Marseille18
51%
1987/88FranceJean-Pierre PapinOlympique de Marseille19
48%
1988/89FranceJean-Pierre PapinOlympique de Marseille22
48%
1989/90FranceJean-Pierre PapinOlympique de Marseille30
48%
1990/91FranceJean-Pierre PapinOlympique de Marseille23
48%
1991/92FranceJean-Pierre PapinOlympique de Marseille27
48%
2008/09FranceAndré-Pierre GignacToulouse FC24
43%
1995/96BrésilSonny AndersonAS Monaco21
40%
2000/01BrésilSonny AndersonOlympique Lyonnais22
40%
1999/00BrésilSonny AndersonOlympique Lyonnais23
40%
2010/11SénégalMoussa SowLille OSC25
39%
2004/05SuisseAlexander FreiStade Rennais20
35%
1996/97FranceStéphane Guivarc'hStade Rennais22
25%
1997/98FranceStéphane Guivarc'hAJ Auxerre21
25%
2002/03CongoShabani NondaAS Monaco26
21%
1974/75ItalieDelio OnnisAS Monaco30
17%
1979/80ItalieDelio OnnisAS Monaco21
17%
1980/81ItalieDelio OnnisTours FC24
17%
1983/84ItalieDelio OnnisSporting Toulon21
17%
1981/82ItalieDelio OnnisTours FC29
17%
1972/73CroatieJosip SkoblarOlympique de Marseille26
17%
1971/72CroatieJosip SkoblarOlympique de Marseille30
17%
1970/71CroatieJosip SkoblarOlympique de Marseille44
17%
1994/95FrancePatrice LokoFC Nantes22
14%
1993/94FranceNicolas OuedecFC Nantes20
10%
1992/93CroatieAlen BoksicOlympique de Marseille23
9%
1977/78ArgentineCarlos BianchiParis Saint-Germain37
9%
1973/74ArgentineCarlos BianchiStade de Reims30
9%
1975/76ArgentineCarlos BianchiStade de Reims34
9%
1976/77ArgentineCarlos BianchiStade de Reims28
9%
1978/79ArgentineCarlos BianchiParis Saint-Germain27
9%
1984/85YougoslavieVahid HalilhodzicFC Nantes28
9%
1982/83YougoslavieVahid HalilhodzicFC Nantes27
9%
1993/94FranceYouri DjorkaeffAS Monaco20
9%
1998/99FranceSylvain WiltordGirondins de Bordeaux22
8%
1993/94FranceRoger BoliRC Lens20
6%
1979/80AllemagneErwin KosteddeStade Lavallois21
5%
1985/86SénégalJules BocandéFC Metz23
4%
1986/87FranceBernard ZenierFC Metz18
3%
1983/84FrancePatrice GarandeAJ Auxerre21
1%

Distribution des résultats

Percentile par nombre de réponses

% des personnes avec chaque résultat

Votre développement - résultats

Vous n’avez pas pris ce quiz